Những năm bão táp : Cuộc chạy đua vào Nhà Trắng : Hồi ký. t.I /
Đã lưu trong:
| Hovedforfatter: | |
|---|---|
| Andre forfattere: | |
| Format: | Sách giấy |
| Sprog: | Vietnamese |
| Udgivet: |
H. :
Công an Nhân dân,
2004
|
| Tags: |
Tilføj Tag
Ingen Tags, Vær først til at tagge denne postø!
|
| Thư viện lưu trữ: | Thư viện Trường Đại học Đà Lạt |
|---|
| LEADER | 00740nam a2200289 4500 | ||
|---|---|---|---|
| 001 | DLU040029540 | ||
| 005 | ##20041007 | ||
| 040 | # | # | |a DLU |b vie |
| 041 | # | # | |a vie |
| 044 | # | # | |a vn |
| 082 | # | # | |a 923.2 |b KI-H |
| 100 | # | # | |a Kissinger, Henry |
| 245 | # | # | |a Những năm bão táp : |b Cuộc chạy đua vào Nhà Trắng : Hồi ký. |n t.I / |c Henry Kissinger; Lê Ngọc Tú dịch |
| 260 | # | # | |a H. : |b Công an Nhân dân, |c 2004 |
| 300 | # | # | |a 851 tr. ; |c 21 cm |
| 700 | # | # | |a Lê Ngọc Tú |e dịch |
| 923 | # | # | |a 30/2004 |
| 990 | # | # | |a t.I |
| 992 | # | # | |a 105.000 |
| 994 | # | # | |a DLU |
| 900 | # | # | |a True |
| 911 | # | # | |a Đào Thị Thu Huyền |
| 925 | # | # | |a G |
| 926 | # | # | |a A |
| 927 | # | # | |a SH |
| 980 | # | # | |a Thư viện Trường Đại học Đà Lạt |